| 000 | 01284cam a22003733a 4500 | ||
|---|---|---|---|
| 001 | 32325 | ||
| 003 | PGUSA | ||
| 005 | 20140828083711.0 | ||
| 008 | 100510s2010||||xxu|||||s|||||000 1 eng d | ||
| 040 |
_aPGUSA _beng |
||
| 042 | _adc | ||
| 050 | 4 | _aPS | |
| 100 | 1 |
_aTwain, Mark, _d1835-1910 |
|
| 245 | 1 | 4 |
_aThe Adventures of Huckleberry Finn (Tom Sawyer's Comrade) _h[electronic resource] / _cMark Twain |
| 260 |
_bProject Gutenberg, _c2010 |
||
| 500 | _aSee also PG eBook #76 scanned from the first edition, published by Charles Webster and Co. in 1885, with all the original illustrations. | ||
| 506 | _aPublic domain in the USA. | ||
| 516 | _aElectronic text | ||
| 653 | _aAdventure stories | ||
| 653 | _aFugitive slaves -- Fiction | ||
| 653 | _aBildungsromans | ||
| 653 | _aMissouri -- Fiction | ||
| 653 | _aBoys -- Fiction | ||
| 653 | _aFinn, Huckleberry (Fictitious character) -- Fiction | ||
| 653 | _aRunaway children -- Fiction | ||
| 653 | _aRace relations -- Fiction | ||
| 653 | _aHumorous stories | ||
| 653 | _aMississippi River -- Fiction | ||
| 653 | _aMale friendship -- Fiction | ||
| 700 | 1 |
_aKemble, E. W. _q(Edward Windsor), _d1861-1933 |
|
| 830 | 0 |
_aProject Gutenberg _v32325 |
|
| 856 | 4 | 0 | _uhttp://www.gutenberg.org/ebooks/32325 |
| 942 | _cEB | ||
| 999 |
_c261580 _d261580 |
||